Catálogo de la Biblioteca Horacio González - Universidad Nacional de General Sarmiento

Economía social y solidaria : (Registro nro. 51667)

Detalles MARC
000 -CABECERA
campo de control de longitud fija 01733nam a22004090a 4500
001 - NÚMERO DE CONTROL
campo de control PT17780
003 - IDENTIFICADOR DEL NÚMERO DE CONTROL
campo de control AR-LpoUNG
005 - FECHA Y HORA DE LA ÚLTIMA TRANSACCIÓN
campo de control 20260120160523.0
008 - DATOS DE LONGITUD FIJA--INFORMACIÓN GENERAL
campo de control de longitud fija 201001s2004||||ag |||||||||||||||||spa d
020 ## - NÚMERO INTERNACIONAL ESTÁNDAR DEL LIBRO
Número Internacional Estándar del Libro 9879423348
Condiciones de disponibilidad $5.55
040 ## - FUENTE DE LA CATALOGACIÓN
Centro catalogador/agencia de origen AR-LpoUNG
Lengua de catalogación spa
Normas de descripción aacr
041 ## - CÓDIGO DE LENGUA
Código de lengua del texto/banda sonora o título independiente spa
044 ## - CÓDIGO DEL PAÍS DE LA ENTIDAD EDITORA/PRODUCTORA
Código MARC del país ag
082 0# - NÚMERO DE LA CLASIFICACIÓN DECIMAL DEWEY
Número de clasificación 334.01 412eco
100 1# - ENTRADA PRINCIPAL--NOMBRE DE PERSONA
Nombre de persona Laville, Jean-Louis
Término indicativo de función/relación comp.
245 10 - MENCIÓN DE TÍTULO
Título Economía social y solidaria :
Resto del título una visión europea
250 ## - MENCIÓN DE EDICIÓN
Mención de edición 1ra. ed.
260 ## - PUBLICACIÓN, DISTRIBUCIÓN, ETC.
Lugar de publicación, distribución, etc. Buenos Aires :
Nombre del editor, distribuidor, etc. Fundación OSDE - Altamira - Universidad Nacional de General Sarmiento,
Fecha de publicación, distribución, etc. 2004.
300 ## - DESCRIPCIÓN FÍSICA
Extensión 288 p. :
Otras características físicas tbls., gráfs.
490 0# - MENCIÓN DE SERIE
Mención de serie Lecturas de economía social
520 ## - SUMARIO, ETC.
Sumario, etc. La obra da cuenta del debate europeo sobre la economía social. Indica por qué las distintas conceptualizaciones europeas se distinguen de la definición del Tercer Sector adoptada por los enfoques norteamericanos que se inscriben en el marco de la economía neoclásica y la teoria de la elección racional. Pone de manifiesto tambien los aportes y límites de la economia social y precisa el marco conceptual de la economía solidaria susceptible de contribuir a superar estos límites y promover un enfoque plural de la economía articulada a una aspiración democrática.
650 #4 - PUNTO DE ACCESO ADICIONAL DE MATERIA--TÉRMINO DE MATERIA
Término de materia o nombre geográfico como elemento de entrada ASPECTOS ECONOMICOS
650 #4 - PUNTO DE ACCESO ADICIONAL DE MATERIA--TÉRMINO DE MATERIA
Término de materia o nombre geográfico como elemento de entrada ASPECTOS POLITICOS
650 #4 - PUNTO DE ACCESO ADICIONAL DE MATERIA--TÉRMINO DE MATERIA
Término de materia o nombre geográfico como elemento de entrada DEMOCRACIA
650 #4 - PUNTO DE ACCESO ADICIONAL DE MATERIA--TÉRMINO DE MATERIA
Término de materia o nombre geográfico como elemento de entrada ECONOMIA COLECTIVA
650 #4 - PUNTO DE ACCESO ADICIONAL DE MATERIA--TÉRMINO DE MATERIA
Término de materia o nombre geográfico como elemento de entrada ECONOMIA DEL BIENESTAR
650 #4 - PUNTO DE ACCESO ADICIONAL DE MATERIA--TÉRMINO DE MATERIA
Término de materia o nombre geográfico como elemento de entrada EQUIDAD SOCIAL
650 #4 - PUNTO DE ACCESO ADICIONAL DE MATERIA--TÉRMINO DE MATERIA
Término de materia o nombre geográfico como elemento de entrada JUSTICIA SOCIAL
650 #4 - PUNTO DE ACCESO ADICIONAL DE MATERIA--TÉRMINO DE MATERIA
Término de materia o nombre geográfico como elemento de entrada POLITICA ECONOMICA
650 #4 - PUNTO DE ACCESO ADICIONAL DE MATERIA--TÉRMINO DE MATERIA
Término de materia o nombre geográfico como elemento de entrada PROBLEMAS SOCIALES
650 #4 - PUNTO DE ACCESO ADICIONAL DE MATERIA--TÉRMINO DE MATERIA
Término de materia o nombre geográfico como elemento de entrada TEORIA ECONOMICA
650 #4 - PUNTO DE ACCESO ADICIONAL DE MATERIA--TÉRMINO DE MATERIA
Término de materia o nombre geográfico como elemento de entrada VALORES SOCIALES
653 #0 - TÉRMINO DE INDIZACIÓN--NO CONTROLADO
Término no controlado ECONOMIA SOCIAL
653 #0 - TÉRMINO DE INDIZACIÓN--NO CONTROLADO
Término no controlado ECONOMIA SOLIDARIA
905 ## - ELEMENTOS DE DATOS E LOCAL, LDE (RLIN)
a 17780
942 ## - ELEMENTOS DE PUNTO DE ACCESO ADICIONAL (KOHA)
Tipo de ítem Koha Libro
Fuente del sistema de clasificación o colocación Dewey Decimal Classification
Existencias
Estado de retiro Estado de pérdida Estado dañado No para préstamo Código de colección Localización permanente Ubicación/localización actual Fecha de adquisición Total de préstamos Signatura topográfica completa Código de barras Fecha visto por última vez Precio válido a partir de Tipo de ítem Koha Fuente del sistema de clasificación o colocación Renovaciones totales Fecha del último préstamo
        Colección Ediciones UNGS Biblioteca Universidad Nacional de General Sarmiento Biblioteca Universidad Nacional de General Sarmiento 01/02/2021   334.01 412eco CUNGS1502 01/02/2021 01/02/2021 Libro      
Retirado     No es para préstamo Colección Ediciones UNGS Biblioteca Universidad Nacional de General Sarmiento Biblioteca Universidad Nacional de General Sarmiento 01/02/2021   334.01 412eco CUNGS1539 01/02/2021 01/02/2021 Libro Dewey Decimal Classification    
        Colección General Biblioteca Universidad Nacional de General Sarmiento Biblioteca Universidad Nacional de General Sarmiento 01/02/2021   334.01 412eco 00019324 01/02/2021 01/02/2021 Libro      
        Colección General Biblioteca Universidad Nacional de General Sarmiento Biblioteca Universidad Nacional de General Sarmiento 01/02/2021   334.01 412eco 00019325 01/02/2021 01/02/2021 Libro      
        Colección General Biblioteca Universidad Nacional de General Sarmiento Biblioteca Universidad Nacional de General Sarmiento 01/02/2021   334.01 412eco 00019326 01/02/2021 01/02/2021 Libro      
        Colección General Biblioteca Universidad Nacional de General Sarmiento Biblioteca Universidad Nacional de General Sarmiento 01/02/2021   334.01 412eco 00019610 01/02/2021 01/02/2021 Libro      
        Colección General Biblioteca Universidad Nacional de General Sarmiento Biblioteca Universidad Nacional de General Sarmiento 01/02/2021   334.01 412eco 00019968 01/02/2021 01/02/2021 Libro      
        Colección General Biblioteca Universidad Nacional de General Sarmiento Biblioteca Universidad Nacional de General Sarmiento 01/02/2021 1 334.01 412eco 00029614 11/08/2022 01/02/2021 Libro   1 14/06/2022
        Colección General Biblioteca Universidad Nacional de General Sarmiento Biblioteca Universidad Nacional de General Sarmiento 01/02/2021   334.01 412eco S00019327 01/02/2021 01/02/2021 Lectura en Sala      
        Colección General Biblioteca Universidad Nacional de General Sarmiento Biblioteca Universidad Nacional de General Sarmiento 04/02/2023   334.01 412eco 00067941 04/02/2023 04/02/2023 Libro Dewey Decimal Classification